Pediatric Consultation-Liaison Psychiatry A Global, Healthcare Systems-Focused, and Problem-Based Approach /

This ambitious resource presents an inventive approach to integrating pediatric and mental health care based in comprehensive, family-centered service delivery. Its framework adds a problem-solving focus to the core principles of pediatric consultation-liaison psychiatry, emphasizing young patients&...

Πλήρης περιγραφή

Λεπτομέρειες βιβλιογραφικής εγγραφής
Συγγραφή απο Οργανισμό/Αρχή: SpringerLink (Online service)
Άλλοι συγγραφείς: Guerrero, Anthony P. S. (Επιμελητής έκδοσης, http://id.loc.gov/vocabulary/relators/edt), Lee, Paul C. (Επιμελητής έκδοσης, http://id.loc.gov/vocabulary/relators/edt), Skokauskas, Norbert (Επιμελητής έκδοσης, http://id.loc.gov/vocabulary/relators/edt)
Μορφή: Ηλεκτρονική πηγή Ηλ. βιβλίο
Γλώσσα:English
Έκδοση: Cham : Springer International Publishing : Imprint: Springer, 2018.
Έκδοση:1st ed. 2018.
Θέματα:
Διαθέσιμο Online:Full Text via HEAL-Link
LEADER 06049nam a2200541 4500
001 978-3-319-89488-1
003 DE-He213
005 20191220130055.0
007 cr nn 008mamaa
008 180802s2018 gw | s |||| 0|eng d
020 |a 9783319894881  |9 978-3-319-89488-1 
024 7 |a 10.1007/978-3-319-89488-1  |2 doi 
040 |d GrThAP 
050 4 |a RJ499-507 
072 7 |a MMH  |2 bicssc 
072 7 |a MED105010  |2 bisacsh 
072 7 |a MKL  |2 thema 
082 0 4 |a 618.9289  |2 23 
245 1 0 |a Pediatric Consultation-Liaison Psychiatry   |h [electronic resource] :  |b  A Global, Healthcare Systems-Focused, and Problem-Based Approach /  |c edited by Anthony P. S. Guerrero, Paul C. Lee, Norbert Skokauskas. 
250 |a 1st ed. 2018. 
264 1 |a Cham :  |b Springer International Publishing :  |b Imprint: Springer,  |c 2018. 
300 |a XVII, 437 p. 23 illus., 16 illus. in color.  |b online resource. 
336 |a text  |b txt  |2 rdacontent 
337 |a computer  |b c  |2 rdamedia 
338 |a online resource  |b cr  |2 rdacarrier 
347 |a text file  |b PDF  |2 rda 
505 0 |a Introduction -- General principles of pediatric psychosomatic medicine, including developmental and systems of care perspectives -- Essential pediatrics for the pediatric consultation-liaison psychiatrist -- Essential psychiatry and substance use disorders for the non-psychiatrist -- Psychopharmacological principles -- Common scenarios and concerns in traditional inpatient pediatric consultation-liaison psychiatry -- Suicidality, self-harm and dangerousness -- Eating and feeding disorders -- Adjustment to medical illness -- Acute mental status change -- Other common medical considerations for behavioral symptoms -- Contemporary value-building roles spanning inpatient and outpatient care -- Principles of bio-psycho-social formulations and interventions in medical settings (case examples from pediatric nephrology, pediatric gastroenterology) -- Psychological testing and pre-procedure evaluation (case example from pediatric cardiology, pediatric endocrinology, pediatric oncology,) -- Improving adherence and promoting behavioral change (case example from adolescent medicine, pediatric allergy/pulmonology, etc.) -- Identifying and managing brain/behavioral conditions (case example from pediatric rheumatology, pediatric neurology, etc.) -- Multidisciplinary management of complex conditions (case example from genetics, etc.) -- Interfacing with palliative and end-of-life care and ethical decisions (case example from neonatology, etc.) -- Healthcare systems and global perspectives.-Administrative and financing models -- Patient experience, safety, and quality -- Primary care integration -- Preventive models for reducing major causes of morbidity and mortality in childhood -- Addressing healthcare disparities -- Complementary and alternative approaches to improving comfort and access -- Pediatric psychosomatic medical approach to optimize global access to child and adolescent mental healthcare -- Appendices -- Teaching tools: basic psychiatry for other children's healthcare professionals -- Screening tools -- "Talking points" for justifying the value of pediatric psychosomatic medicine services. . 
520 |a This ambitious resource presents an inventive approach to integrating pediatric and mental health care based in comprehensive, family-centered service delivery. Its framework adds a problem-solving focus to the core principles of pediatric consultation-liaison psychiatry, emphasizing young patients' developmental, family, and social context. An international panel of expert clinicians explores the value of the mental health component in treating complex and chronic cases across varied settings, as well as practical considerations in implementing collaborative pediatric care systemwide, including at the global level. Detailed case histories illustrate skills and traits essential to making this problem-based approach work, such as multidimensional thinking, a prevention mentality, a dedication to lifelong learning, and empathy and respect for young clients and their families. Included in the coverage: · Pediatric medicine for the child psychiatrist. · Safety issues in a general medical facility setting. · "Other medical" presentations and considerations in pediatric consultation-liaison psychiatry. · Principles of biopsychosocial formulation and interventions in the pediatric medical setting. · Preventive models for reducing major causes of morbidity and mortality in childhood. Child and adolescent psychiatrists, child and school psychologists, and physicians in pediatrics, general practice, and family medicine will welcome Pediatric Consultation-Liaison Psychiatry as both a robust training text and a blueprint for the future of children's medicine. 
650 0 |a Child psychiatry. 
650 0 |a Child psychology. 
650 0 |a School psychology. 
650 0 |a Pediatrics. 
650 0 |a General practice (Medicine). 
650 1 4 |a Child and Adolescent Psychiatry.  |0 http://scigraph.springernature.com/things/product-market-codes/H53040 
650 2 4 |a Child and School Psychology.  |0 http://scigraph.springernature.com/things/product-market-codes/Y12040 
650 2 4 |a Pediatrics.  |0 http://scigraph.springernature.com/things/product-market-codes/H49006 
650 2 4 |a General Practice / Family Medicine.  |0 http://scigraph.springernature.com/things/product-market-codes/H24003 
700 1 |a Guerrero, Anthony P. S.  |e editor.  |4 edt  |4 http://id.loc.gov/vocabulary/relators/edt 
700 1 |a Lee, Paul C.  |e editor.  |4 edt  |4 http://id.loc.gov/vocabulary/relators/edt 
700 1 |a Skokauskas, Norbert.  |e editor.  |4 edt  |4 http://id.loc.gov/vocabulary/relators/edt 
710 2 |a SpringerLink (Online service) 
773 0 |t Springer eBooks 
776 0 8 |i Printed edition:  |z 9783319894874 
776 0 8 |i Printed edition:  |z 9783319894898 
776 0 8 |i Printed edition:  |z 9783030077846 
856 4 0 |u https://doi.org/10.1007/978-3-319-89488-1  |z Full Text via HEAL-Link 
912 |a ZDB-2-SME 
950 |a Medicine (Springer-11650)